[Event "DEM U16w 2025"]
[Site "Willingen GER"]
[Date "2025.06.13"]
[Round "8"]
[White "Hoffmann, Svenja"]
[Black "Fischermann, Charlotte"]
[Result "0-1"]
[Termination "normal"]
[Board "14"]
[WhiteElo "1761"]
[BlackElo "1715"]
[WhiteClock "00:18:27"]
[BlackClock "01:18:01"]
[PlyCount "120"]
[WhiteFideId "16287312"]
[BlackFideId "34619690"]
[EventCountry "GER"]
[EventRounds "9"]
[EventType "swiss"]
[EventDate "2025.06.07"]

1. e4 {[%clk 01:30:58]} {[%emt 00:00:02]} e5 {[%clk 01:30:55]} {[%emt
00:00:05]} 2. Nf3 {[%clk 01:31:24]} {[%emt 00:00:05]} Nc6 {[%clk 01:31:21]}
{[%emt 00:00:04]} 3. Bc4 {[%clk 01:31:44]} {[%emt 00:00:10]} Nf6 {[%clk
01:31:40]} {[%emt 00:00:12]} 4. d3 {[%clk 01:32:01]} {[%emt 00:00:12]} Bc5
{[%clk 01:31:52]} {[%emt 00:00:17]} 5. Nc3 {[%clk 01:32:05]} {[%emt 00:00:26]}
d6 {[%clk 01:32:15]} {[%emt 00:00:08]} 6. Na4 {[%clk 01:31:57]} {[%emt
00:00:38]} Bb6 {[%clk 01:32:22]} {[%emt 00:00:23]} 7. a3 {[%clk 01:31:21]}
{[%emt 00:01:06]} h6 {[%clk 01:31:30]} {[%emt 00:01:21]} 8. h3 {[%clk
01:30:17]} {[%emt 00:01:34]} O-O {[%clk 01:31:09]} {[%emt 00:00:52]} 9. O-O
{[%clk 01:29:59]} {[%emt 00:00:47]} Be6 {[%clk 01:29:51]} {[%emt 00:01:48]} 10.
Bxe6 {[%clk 01:27:51]} {[%emt 00:02:39]} fxe6 {[%clk 01:30:14]} {[%emt
00:00:07]} 11. Nxb6 {[%clk 01:25:53]} {[%emt 00:02:28]} axb6 {[%clk 01:30:37]}
{[%emt 00:00:07]} 12. c3 {[%clk 01:20:15]} {[%emt 00:06:08]} d5 {[%clk
01:28:27]} {[%emt 00:02:40]} 13. exd5 {[%clk 01:12:51]} {[%emt 00:07:53]} exd5
{[%clk 01:28:14]} {[%emt 00:00:44]} 14. b4 {[%clk 01:07:12]} {[%emt 00:06:09]}
e4 {[%clk 01:25:33]} {[%emt 00:03:10]} 15. dxe4 {[%clk 01:03:54]} {[%emt
00:03:48]} Nxe4 {[%clk 01:25:19]} {[%emt 00:00:44]} 16. Qb3 {[%clk 01:01:22]}
{[%emt 00:03:02]} Kh8 {[%clk 01:24:39]} {[%emt 00:01:11]} 17. Rd1 {[%clk
01:00:35]} {[%emt 00:01:16]} Nf6 {[%clk 01:22:17]} {[%emt 00:02:51]} 18. Be3
{[%clk 00:59:02]} {[%emt 00:02:05]} Qe8 {[%clk 01:21:50]} {[%emt 00:00:55]} 19.
Bf4 {[%clk 00:53:20]} {[%emt 00:06:13]} Qf7 {[%clk 01:21:13]} {[%emt 00:01:07]}
20. Be5 {[%clk 00:50:10]} {[%emt 00:03:41]} Nxe5 {[%clk 01:19:08]} {[%emt
00:02:34]} 21. Nxe5 {[%clk 00:50:30]} {[%emt 00:00:11]} Qh5 {[%clk 01:19:28]}
{[%emt 00:00:09]} 22. Nf3 {[%clk 00:49:24]} {[%emt 00:01:36]} c6 {[%clk
01:18:25]} {[%emt 00:01:33]} 23. c4 {[%clk 00:45:24]} {[%emt 00:04:29]} dxc4
{[%clk 01:16:24]} {[%emt 00:02:32]} 24. Qxc4 {[%clk 00:44:27]} {[%emt
00:01:27]} b5 {[%clk 01:14:35]} {[%emt 00:02:19]} 25. Qc2 {[%clk 00:38:52]}
{[%emt 00:06:05]} Nd5 {[%clk 01:13:08]} {[%emt 00:01:58]} 26. Qb3 {[%clk
00:26:04]} {[%emt 00:13:18]} Qf7 {[%clk 01:09:56]} {[%emt 00:03:41]} 27. Rd2
{[%clk 00:20:18]} {[%emt 00:06:16]} Nf4 {[%clk 01:07:33]} {[%emt 00:02:53]} 28.
Qxf7 {[%clk 00:19:03]} {[%emt 00:01:45]} Rxf7 {[%clk 01:06:53]} {[%emt
00:01:11]} 29. Ne5 {[%clk 00:19:03]} {[%emt 00:00:30]} Re7 {[%clk 01:05:51]}
{[%emt 00:01:30]} 30. Ng4 {[%clk 00:18:26]} {[%emt 00:01:08]} Nd5 {[%clk
01:04:57]} {[%emt 00:01:23]} 31. Rd4 {[%clk 00:15:01]} {[%emt 00:03:57]} Re2
{[%clk 01:03:37]} {[%emt 00:01:50]} 32. Kf1 {[%clk 00:14:17]} {[%emt 00:01:14]}
Rb2 {[%clk 01:03:13]} {[%emt 00:00:54]} 33. Rdd1 {[%clk 00:12:20]} {[%emt
00:02:27]} Rb3 {[%clk 01:03:07]} {[%emt 00:00:35]} 34. Re1 {[%clk 00:08:22]}
{[%emt 00:04:28]} Rbxa3 {[%clk 01:01:08]} {[%emt 00:02:30]} 35. Rab1 {[%clk
00:07:36]} {[%emt 00:01:16]} R3a4 {[%clk 01:00:52]} {[%emt 00:00:45]} 36. Ne5
{[%clk 00:07:29]} {[%emt 00:00:37]} Rxb4 {[%clk 01:00:21]} {[%emt 00:01:01]}
37. Rbd1 {[%clk 00:06:40]} {[%emt 00:01:19]} Rba4 {[%clk 00:59:43]} {[%emt
00:01:08]} 38. Nf7+ {[%clk 00:06:34]} {[%emt 00:00:36]} Kh7 {[%clk 00:59:31]}
{[%emt 00:00:41]} 39. Nd6 {[%clk 00:06:56]} {[%emt 00:00:09]} R4a7 {[%clk
00:58:37]} {[%emt 00:01:24]} 40. Nxb5 {[%clk 00:06:39]} {[%emt 00:00:48]} Ra5
{[%clk 00:57:39]} {[%emt 00:01:26]} 41. Nd6 {[%clk 00:06:05]} {[%emt 00:01:06]}
b5 {[%clk 00:57:20]} {[%emt 00:00:49]} 42. Rc1 {[%clk 00:06:17]} {[%emt
00:00:17]} R5a6 {[%clk 00:56:19]} {[%emt 00:01:32]} 43. Ne4 {[%clk 00:02:45]}
{[%emt 00:04:02]} b4 {[%clk 00:55:18]} {[%emt 00:01:31]} 44. Nc5 {[%clk
00:02:53]} {[%emt 00:00:21]} Ra3 {[%clk 00:54:44]} {[%emt 00:01:03]} 45. Rb1
{[%clk 00:02:48]} {[%emt 00:00:37]} Rb8 {[%clk 00:53:31]} {[%emt 00:01:42]} 46.
Re6 {[%clk 00:01:37]} {[%emt 00:01:41]} Rb6 {[%clk 00:52:16]} {[%emt 00:01:44]}
47. Nd7 {[%clk 00:27:42]} {[%emt 00:04:26]} Rba6 {[%clk 01:22:01]} {[%emt
00:00:46]} 48. Ree1 {[%clk 00:27:44]} {[%emt 00:00:27]} b3 {[%clk 01:20:43]}
{[%emt 00:01:48]} 49. Nc5 {[%clk 00:27:22]} {[%emt 00:00:51]} Rb6 {[%clk
01:20:35]} {[%emt 00:00:37]} 50. Nd3 {[%clk 00:27:07]} {[%emt 00:00:48]} Nc3
{[%clk 01:19:53]} {[%emt 00:01:11]} 51. Rb2 {[%clk 00:27:25]} {[%emt 00:00:12]}
Ra2 {[%clk 01:19:53]} {[%emt 00:00:30]} 52. Rc1 {[%clk 00:23:50]} {[%emt
00:04:05]} Na4 {[%clk 01:19:27]} {[%emt 00:00:56]} 53. Re2 {[%clk 00:18:54]}
{[%emt 00:05:27]} b2 {[%clk 01:19:05]} {[%emt 00:00:50]} 54. Nxb2 {[%clk
00:18:48]} {[%emt 00:00:38]} Raxb2 {[%clk 01:19:25]} {[%emt 00:00:10]} 55. Ree1
{[%clk 00:18:24]} {[%emt 00:00:54]} c5 {[%clk 01:18:47]} {[%emt 00:01:08]} 56.
g3 {[%clk 00:18:01]} {[%emt 00:00:52]} R6b4 {[%clk 01:18:45]} {[%emt 00:00:32]}
57. Kg2 {[%clk 00:18:11]} {[%emt 00:00:21]} c4 {[%clk 01:18:56]} {[%emt
00:00:18]} 58. Kf3 {[%clk 00:18:21]} {[%emt 00:00:21]} c3 {[%clk 01:18:44]}
{[%emt 00:00:41]} 59. Ke3 {[%clk 00:18:31]} {[%emt 00:00:19]} Rb7 {[%clk
01:17:56]} {[%emt 00:01:18]} 60. Kd3 {[%clk 00:18:27]} {[%emt 00:00:35]} Rd7+
{[%clk 01:18:01]} {[%emt 00:00:23]} 0-1